000 00926nam a22002657a 4500
001 000045351
003 DO-SdBNP
005 20220203083739.0
007 ta
008 131112s2019 dr a 000 0 spa d
020 _a9789945220247
040 _aDO-SdBNP
_bspa
_cBNPHU
082 _a304.82
_bE792
100 1 _973375
245 1 0 _aEstado de las migraciones que atañen a la República Dominicana 2018 /
260 _aSanto Domingo :
_bOBMICA,
_c2019.
300 _a328 p. :
_bil. ;
_c28 cm.
590 _aInventariado, 2022 / DG
650 4 _aInmigrantes
_zRepública Dominicana
_y2013
_973376
_xDerecho civiles
651 4 _aRepública Dominicana
_xEmigración E Inmigración
_y2013
_973377
651 4 _aRepública Dominicana
_xEmigración E Inmigración
_xAspectos Económicos
_y2013
_973378
710 2 2 _aCentro para la Observación Migratoria y el Desarrollo en el Caribe
_942983
910 _aDG
942 _2ddc
_cLBS1
999 _c51319
_d51319